| 000 | 01994nam a22001337a 4500 | ||
|---|---|---|---|
| 008 | 181201b xxu||||| |||| 00| 0 eng d | ||
| 082 |
_a700.29 _bM375s/2007 |
||
| 100 |
_aAMARTE: amigos del Museo de Arte de El Salvador _96825 |
||
| 245 | _aSum+arte: Subasta de arte 2007 | ||
| 260 |
_aSan Salvador _bMuseo de Arte de El Salvador _c2010 |
||
| 300 |
_a87 p. _bill (col). _c21.5 x 21.5 cm |
||
| 505 |
_tPremios _rRojas Hidalgo, Walter (Primer lugar); Rodríguez, Jose (Segundo lugar); Herrera, José David (Tercer lugar); Arzú Quioto, Santos (Mención de honor) _tArtistas Seleccionados _rAltamirano, Donaldo; Álvarez, Mauricio; Archer, Elisa; Arosemena, Octavio; Báez de Lacayo, Laura; Basauri, Ignacio; Beltrán Valladares, Santiago; Bicard, Licry; Cornejo, Luis; Cuchilla, Alex; Díaz, Carlos; Domínguez, Natalia; Durán, Alonso; Fernández, Diana; Gutierrez, Gerardo; Lacayo, Ramiro; Mazariegos Maldonado, Jorge; Menjívar, Eugenio; Merino, Alberto; Miranda, Alexia; Orellana, Teyo; Pérez, Álvaro; Poyón Calí, Ángel; Quesada, Troy; Quintanilla, Marvin Roberto; Rivas, Miguel Rolando; Santana, Norlan; Sol, Camila; Tamayo, Jorge; Trigueros, Carmen Elena; Urquilla, Ana; Valencia, Marco; Vides, Veronica; Zamora, Ana de; Zavaleta, Danny y Zayas, Francisco. _tArtistas Invitados _rAldunate, Carmen; Álvarez, Negra; Barraza, Mayra; Bonilla, Antonio; Cañas, Carlos; Cañas, Benjamin; Carbonell, Ricardo; Cuadra, Orlando; Elas Reyes, Raúl; García Ponce, Antonio; González, Gabriel; Huezo, Roberto; Iraheta, Walterio; Laverón, Elena; Lazo, Luis; Linares, Mauricio; Manzanares, Ilse de Ortiz de; Martínez, Ana María de; Martino, Miguel; Mena Valenzuela, Rosa; Menéndez, César; Molina, Rodolfo; Morán, Ronald; Ortiz Villacorta, Miguel; Palma Ibarra, Hugo; Salazar Arrué, Salvador (Salarrué); Sinclair, Olga; Sobalvarro, Orlando; Solís, José Pablo; Varela, Rafael. |
||
| 650 |
_2Arte contemporáneo _vCatálogo de Obras _xArte - Subastas _zArte - El Salvador _zMuseo de Arte de El Salvador _96833 |
||
| 999 |
_c1692 _d1692 |
||